00870cam a2200289 4500001000800000005001700008008004100025010001700066020001500083020001800098035001200116040001800128043001200146050001800158082001600176100002300192245007200215250001400287260005500301300002400356336002600380337002800406338002700434650005300461650003500514650003100549124093220260216161723.0711103s1971 nyu 000 0 eng  a 71160404  a0151998906 a9780151998906 a1240932 aDLCcDLCdDLC an-us---00aHQ799.7b.K4600a301.63bKEN1 aKeniston, Kenneth.10aYouth and dissent;bthe rise of a new opposition.cKenneth Keniston a[1st ed.] aNew York,bHarcourt Brace Jovanovich, INC,c[1971] axii, 403 p.c25 cm. atextbtxt2rdacontent aunmediatedbn2rdamedia avolumebnc2rdacarrier 0aYoung adultsxPolitical activityzUnited States. 0aAlienation (Social psychology) 0aRadicalismzUnited States.